=LDR 00000nam 2200000 4500 =001 INLIS000000000021315 =005 20130612120201 =008 ***********************************Ind** =035 ##$$0010-061300000021315 =041 ##$$a Ind =082 ##$$a 371.1 =090 ##$$a 371.1, Hol m =100 ##$$a Holstein, Herman =245 ##$$a Murid belajar mandiri, Hermann Holstein =260 ##$$a 1994 $b Bandung =300 ##$$a 189 hlm, 21 cm =650 ##$$a Pendidikan =850 ##$$a NBPNMAT =990 ##$$a 19521952 =990 ##$$a 35.026/pro-90 =990 ##$$a 107.852/Pb.97 =990 ##$$a 00047008